Diccionario de términos marítimos en seguros / (Record no. 36890)

MARC details
000 -LEADER
campo de control de longitud fija 00741nam a2200217 i 4500
001 - NÚMERO DE CONTROL
campo de control 36890
003 - IDENTIFICADOR DE NÚMERO DE CONTROL
campo de control ES-MaACL
007 - CAMPO FIJO DE DESCRIPCIÓN FÍSICA--INFORMACIÓN GENERAL
campo de control de longitud fija t|
008 - DATOS DE LONGITUD FIJA--INFORMACIÓN GENERAL
campo de control de longitud fija 030219s1980 sp ||||1| spa d
100 1# - ENTRADA PRINCIPAL--NOMBRE DE PERSONA
Nombre de persona Brown, R. H.
9 (RLIN) 32020
245 10 - MENCIÓN DEL TÍTULO
Título Diccionario de términos marítimos en seguros /
Mención de responsabilidad, etc. R. H. Brown ; [traducido y anotado por Raúl González Hevia, Carlos Martínez García y Victor Sorli Rojo].
260 ## - PUBLICACIÓN, DISTRIBUCIÓN, ETC.
Lugar de publicación, distribución, etc. Madrid :
Nombre del editor, distribuidor, etc. MAPFRE,
Fecha de publicación, distribución, etc. [1980]
300 ## - DESCRIPCIÓN FÍSICA
Extensión 543 p. ;
Dimensiones 22 cm.
490 1# - MENCIÓN DE SERIE
Mención de serie Temas de seguros
700 1# - ENTRADA AGREGADA--NOMBRE PERSONAL
Nombre de persona González Hevia, Raúl.
9 (RLIN) 58713
700 1# - ENTRADA AGREGADA--NOMBRE PERSONAL
Nombre de persona Martínez García, Carlos.
9 (RLIN) 78099
700 1# - ENTRADA AGREGADA--NOMBRE PERSONAL
Nombre de persona Sorli Rojo, Victor.
9 (RLIN) 107407
830 0# - PUNTO DE ACCESO ADICIONAL DE SERIE-TÍTULO UNIFORME
Título uniforme Temas de seguros
9 (RLIN) 181671
852 ## - LOCALIZACIÓN
Ubicación ES-MaACL
Número de control de estantería L-584
Sublocalización o colección R.101228
Holdings
Estatus retirado Estado de pérdida Estado de daño No para préstamo Colección Biblioteca de origen Biblioteca actual Ubicación en estantería Fecha de adquisición Fuente de adquisición Total de préstamos Signatura topográfica completa Código de barras Visto por última vez Precio de reemplazo Tipo de ítem Koha
        Colección de referencia Biblioteca del Ateneo de Madrid Biblioteca del Ateneo de Madrid Depósito 2 17/01/2008     L-584 1038795 23/02/2023 23/02/2023 Libro impreso